<?xml version="1.0" encoding="UTF-8"?>
<marc:record xmlns:marc="http://www.loc.gov/MARC21/slim">
   <marc:leader>00000nam a2200000 a 4500</marc:leader>
   <marc:datafield ind1="1" ind2=" " tag="100">
      <marc:subfield code="a">Meyer, Stephenie</marc:subfield>
      <marc:subfield code="4">aut</marc:subfield>
      <marc:subfield code="e">Verfasser/-in</marc:subfield>
   </marc:datafield>
   <marc:datafield ind1=" " ind2=" " tag="653">
      <marc:subfield code="a">Vampir</marc:subfield>
   </marc:datafield>
   <marc:datafield ind1=" " ind2=" " tag="653">
      <marc:subfield code="a">Lieblingsbuch</marc:subfield>
   </marc:datafield>
   <marc:datafield ind1=" " ind2=" " tag="653">
      <marc:subfield code="a">Autor &lt;Amerika&gt;</marc:subfield>
   </marc:datafield>
   <marc:datafield ind1="0" ind2="0" tag="245">
      <marc:subfield code="a">Biss zur Mittagssonne</marc:subfield>
   </marc:datafield>
   <marc:datafield ind1=" " ind2="1" tag="264">
      <marc:subfield code="b">Carlsen </marc:subfield>
      <marc:subfield code="c">2020</marc:subfield>
   </marc:datafield>
   <marc:datafield ind1="1" ind2=" " tag="490">
      <marc:subfield code="a">Twilight</marc:subfield>
   </marc:datafield>
   <marc:datafield ind1="1" ind2=" " tag="520">
      <marc:subfield code="a">Die Geschichte von Bella und Edward ist weltberühmt! Doch bisher kennen Leser*innen nur Bellas Blick auf diese betörende Liebe gegen jede Vernunft. In Biss zur Mitternachtssonne erzählt nun endlich Edward von ihrer ersten Begegnung, die ihn wie nichts zuvor in seinem Leben auf die Probe stellt, denn Bella ist zugleich Versuchung und Verheißung für ihn. Der Kampf, der in seinem Innern tobt, um sie und ihre Liebe zu retten, verleiht dieser unvergesslichen Geschichte einen neuen, dunkleren Ton.</marc:subfield>
   </marc:datafield>
   <marc:datafield ind1=" " ind2=" " tag="020">
      <marc:subfield code="a">9783551584465</marc:subfield>
      <marc:subfield code="9">9783551584465</marc:subfield>
   </marc:datafield>
</marc:record>
